Roberto J. Payró : testimonio de una vida y realidad de una literatura /

Novelista, dramaturgo y periodista argentino, el bonaerense Roberto Jorge Payró (1867-1928) inicia en 1887, con la publicación del volumen de relatos "Novelas y fantasías", una carrera literaria que se prolongará cerca de 40 años, a lo largo de los cuales escribirá "Divertidas aventuras del nieto de...

Descripción completa

Guardado en:
Detalles Bibliográficos
Autor principal: García, Germán (autor)
Formato: Libro
Idioma:Español
Publicado: Buenos Aires, Argentina : Nova, 1961, c1961
Colección:(Biblioteca Arte y Ciencia de la Expresión)
Temas:
Etiquetas: Agrega una etiqueta
Sin etiquetas, Sé el primero en etiquetar este registro!

MARC

LEADER 00000nam^a2200000^a^4500
001 000141812
005 20250521000000.0
009 20260310095628.862
037 |a Acervo ITESO - Biblioteca 
041 |a ESP 
082 |a 860. 982  |b GAR 
100 |a García, Germán  |e (autor) 
245 1 0 |a Roberto J. Payró :  |b testimonio de una vida y realidad de una literatura /  |c G. García. 
264 4 |a Buenos Aires, Argentina :  |b Nova,  |c 1961, c1961 
300 |a 215 p. 
336 |a texto  |b txt  |2 rdacontenido 
337 |a sin mediación  |b n  |2 rdamedio 
338 |a volumen  |b nc  |2 rdasoporte 
440 1 |a (Biblioteca Arte y Ciencia de la Expresión) 
520 |a Novelista, dramaturgo y periodista argentino, el bonaerense Roberto Jorge Payró (1867-1928) inicia en 1887, con la publicación del volumen de relatos "Novelas y fantasías", una carrera literaria que se prolongará cerca de 40 años, a lo largo de los cuales escribirá "Divertidas aventuras del nieto de Juan Moreira", "El casamiento de Laucha", "El mar dulce" y "Pago Chico", entre otros títulos. La obra presente es por igual un ensayo biográfico sobre Payró, como un análisis de su obra, que pone de manifiesto la gran capacidad del autor argentino para expresar en su literatura los entresijos del poder y del arribismo político y social. 
649 |a XX 
650 |a Escritores Argentinos 
650 |a Literatura Argentina -  |y Siglo XIX 
650 |a Literatura Argentina -  |y Siglo XX 
650 |a Literatura Argentina -  |x Historia y Crítica 
650 |a Literatura y Sociedad -  |x Historia y Crítica 
650 |a Payró, Roberto Jorge 
910 |a Fondo Salvador Reynoso Reynoso 
920 |a Impresos - Libros 
930 |a Fondos Especiales 
940 |a Literatura 
905 |a 112 
901 |a 0800015247  |b IT2  |c ESP  |u 20250521 
902 |a https://opac.biblio.iteso.mx/vufind/Record/000141812